00679nam a2200193Ia 4500003000900000008004100009020001800050040001600068080002300084111004300107245016200150260003700312300001500349490005100364650001500415650001000430700002400440700002100464IN-BaIIA211028s9999 xx 000 0 eng d a0-7923-5208-4 cIIA Library a52(082.1)bASS-233 aParis workshopcFranced1997 June 9-12 0aBe starsbproceedings of the Paris workshop Paris, France, 9-12 Jun 1997cedited by A. M. Hubert, Jaschek, C  aDordrechtbKluwer Academicc1998 axiv, 289p. aAstrophysics and space science library; v. 233 aB[e] Stars aStars aHubert, A. M., ed. aJaschek, C., ed.